Countries named after a person - Statistics

General Stats
  • This quiz has been taken 21 times
  • The average score is 18 of 24
Answer Stats
Hint Answer % Correct
Christopher Columbus Colombia
100%
Saint Dominic Dominican Republic
100%
Saint Lucy Saint Lucia
100%
Simón Bolívar Bolivia
95%
John Marshall Marshall Islands
95%
Nicarao Nicaragua
95%
Jean Moreau de Séchelles Seychelles
95%
Maurice of Nassau Mauritius
90%
Saint Vincent of Saragossa Saint Vincent and the Grenadines
90%
Saud Bin Muhammad Saudi Arabia
86%
King Solomon Solomon Islands
86%
Amerigo Vespucci United States of America
86%
King Philip II Philippines
81%
Saint George Georgia
76%
Saint Christopher Saint Kitts and Nevis
76%
Saint Marinus San Marino
76%
Mussa Bin Bique Mozambique
52%
Saint Thomas São Tomé and Príncipe
52%
Öz Beg Khan Uzbekistan
52%
Thomas Gilbert Kiribati
48%
Birú Peru
48%
Jesus El Salvador
43%
Simón Bolívar Venezuela
33%
Atropates Azerbaijan
24%
No matching quizzes found
Score Distribution
Percent of People with Each Score
Percentile by Number Answered
Your Score History
You have not taken this quiz